| 000 | 006950000a22002770004500 | ||
|---|---|---|---|
| 082 |
_a658.054 _bM426p |
||
| 518 | _a971125 | ||
| 530 | _aM | ||
| 100 | _aMathur, B. P. | ||
| 245 | _aPublic enterprise management | ||
| 020 | _a0333-926226 | ||
| 260 |
_aDelhi _bMacmillan India |
||
| 260 | _c1993 | ||
| 300 | _avii,249p. | ||
| 041 | _aEng | ||
| 500 | _aBibliography at the end of each chapter | ||
| 650 | _aEnterprises | ||
| 650 | _aPublic enterprises | ||
| 650 | _aAdministrative structure | ||
| 650 | _aPersonnel management | ||
| 650 | _aIndustrial relations | ||
| 650 | _aIndustrial management | ||
| 650 | _aFinancial management | ||
| 650 | _aPrivatization | ||
| 942 | _cGEN | ||
| 999 |
_c12482 _d12482 |
||